000 00458nam a2200181Ia 4500
008 090124s9999 xx 000 0 und d
082 _b26310
_a6871
100 _aइनामदार ना.सं.
245 _a राऊ
250 _a5
260 _c1988
300 _a418
600 _aइनामदार ना.सं.
630 _a राऊ
700 _aइनामदार ना.सं.
730 _a राऊ
942 _cBOOK
999 _c139786
_d139786